| 000 | 01212cam a22001934a 4500 | ||
|---|---|---|---|
| 005 | 20250605164020.0 | ||
| 008 | 250528s ||||||||||||||||||||||||d | ||
| 035 | _a16313 | ||
| 040 |
_aGR-AtMCL _bgre _dGR-AtMCL _eAACR2 |
||
| 245 | 1 | _aGraphis Shopping Bag 1 / An International Collection of Shopping Bag Design | |
| 260 |
_bGraphic Press Corp, _c1995 |
||
| 300 | _a226 | ||
| 505 | 0 | _aIndex, Book Store, Candy, Church, Cosmetics, Craft, Design Event, Designer Products, Education, Entertainment, Events, Fashion, Film, Food and Beverages, Furniture, Hairdresser, Industry, Jewerly, Museums, Music, Packaging, Promotion, Retail, Restaurant, Shopping Malls, Services, Social, Sports, Students, Surf Shop, Textiles, Tobacco, Toys, Travel, Xmas. | |
| 520 | _aIndex, Book Store, Candy, Church, Cosmetics, Craft, Design Event, Designer Products, Education, Entertainment, Events, Fashion, Film, Food and Beverages, Furniture, Hairdresser, Industry, Jewerly, Museums, Music, Packaging, Promotion, Retail, Restaurant, Shopping Malls, Services, Social, Sports, Students, Surf Shop, Textiles, Tobacco, Toys, Travel, Xmas. | ||
| 700 | 1 |
_aPedersen Martin B _92391 |
|
| 942 | _cBK | ||
| 999 |
_c1825 _d1825 |
||